000 00622nam a2200229Ia 4500
003 OSt
005 20221002054530.0
006 a|||||r|||| 00| 0
007 ta
008 220930b |||||||| |||| 00| 0 eng d
024 _a64678
037 _cReference Collections
040 _aCRL
_cCRL
_beng
041 _2eng
_aeng
082 _aV1N39, K22.1-.18(RR)
100 _aDupuy Trevor Nevitt
_9575961
245 0 _aMilitary history of Wold war II.
260 _c1962
650 _aHISTORY
942 _hV1N39, K22.1-.18(RR)
_cref
_2CC
999 _c925053
_d925053